000 00523nam a2200181Ia 4500
999 _c16694
_d16694
003 OSt
005 20200606115958.0
008 190216s9999||||xx |||||||||||||| ||und||
020 _a8188756180
040 _cMESKC library
082 _a331.7
_bLAM/C
100 _aLamba, Manojkumar
_9282
245 0 _aKariyar Ka Chunav Swayam Karem /
_cManojkumar Lamba
260 _bNavabharath Prakashan,
_c2008.
_aJodhpur:
300 _a271p
650 _aHindi
942 _cBK
_2ddc
_h331.7
_iLAM/C
_k331.7
_mLAM/C